TOP 100 POLSKICH PIOSENEK NA SPOTIFY - Statystyki

Ogólne statystyki
  • Ten quiz został rozwiązany 147 razy
  • Średni wynik to 37 z 100
Statystyki odpowiedzi
Hint odtworzenia autor Odpowiedź % Poprawnych
#1 130 877 907 White 2115 California
89%
#2 122 147 893 Mata Kiss cam
70%
#79 59 699 260 Oki Jeżyk
69%
#7 97 381 841 Mata Schodki
69%
#11 92 428 421 Kizo Disney
67%
#14 88 496 479 Taconafide Tamagotchi
65%
#64 64 992 185 Mata, Quebonafide, Malik Montana Papuga
64%
#61 65 865 203 Mata Patoreakcja
64%
#10 92 490 823 Quebonafide, Daria Zawiałow Bubble tea
62%
#3 119 084 282 Guzior Blueberry
60%
#12 90 733 309 Tymek Język ciała
59%
#4 102 616 927 Guzior Fala
58%
#55 66 523 471 Mata, Szczepan, Wyguś, Tadeo Gombao 33
58%
#65 64 861 939 Grubson Na szczycie
58%
#66 64 786 247 Paktofonika Jestem bogiem
57%
#17 81 656 837 Kizo, Bletka Taxi
57%
#5 101 330 668 Pro8l3m Ground zero
55%
#34 71 911 628 Ronnie Ferrari Ona by tak chciała
55%
#8 95 349 019 Mata Szafir
55%
#49 68 381 589 Sanah Szampan
55%
#13 88 610 212 Sobel Impreza
54%
#41 69 951 670 Kubi Producent, Fukaj, Bambi, stickxr Woda księżycowa
50%
#73 60 916 453 Kinny zimmer Rozmazana kreska
48%
#30 73 620 611 Mr Polska Złote tarasy
48%
#25 76 028 411 Young Leosia, Bambi Bff
47%
#15 88 115 409 Reto Billy kid
47%
#24 76 566 739 Sb Maffija Lawenda
47%
#63 65 206 223 Mata 100 dni do matury
46%
#20 80 027 258 Dawid Podsiadło Małomiasteczkowy
46%
#70 62 300 835 chillwagon Małpa
46%
#54 67 074 411 Zdechły osa Patolove
46%
#51 68 033 472 Taco Hemingway, Dawid Podsiadło W piątki leże w wannie
46%
#26 75 959 463 Young Igi Bestia
44%
#16 87 670 532 Smolasty Duże oczy
44%
#43 69 309 325 Modelki Chyba że z tobą
41%
#28 74 776 154 Sobel Fiołkowe pole
41%
#9 93 200 730 Gibbs, Kiełas Piękny świat
41%
#19 80 039 861 Mata Szmata
41%
#22 78 369 590 Sanah, Vito Bambino Ale jazz
40%
#35 71 721 939 Pezet Dom nad wodą
40%
#93 56 669 510 Club2020 Malibu barbie
40%
#23 77 088 911 Tymek, Tede, Trill Pem Rainman
40%
#29 73 864 900 Zeamsone 5 influencerek
37%
#84 58 985 267 Kukon Miniówa
37%
#69 63 587 525 Żabson Sexoholik
37%
#46 68 644 389 Reto Ua
37%
#48 68 595 555 Taconafide, Bedoes 8 kobiet remix
36%
#38 70 709 109 Miszel, Kabe Dres
36%
#27 75 154 381 Oki Jakie to uczucie
36%
#33 72 113 610 Bambi Millie walky
36%
#59 66 080 867 Guzior Płuca zlepione topami
36%
#82 59 131 122 Young Leosia, Bambi Przester
36%
#56 66 449 018 Gibbs, Opał Drive
35%
#32 72 492 394 Schafter Hot Coffee
35%
#74 60 221 443 Taco Hemingway Polskie tango
35%
#40 70 324 275 Sobel Bandyta
34%
#47 68 623 518 Bedoes, Taco Hemingway Chłopaki nie płaczą
34%
#36 71 415 735 Sobel, Sanah Cześć jak się masz
33%
#90 57 001 691 Smolasty, Doda Nim zajdzie słońce
33%
#95 56 620 527 Mata, White 2115 Lalala
32%
#71 61 907 204 Żabson Floyd Mayweather
30%
#68 63 961 315 Wiatr, Bevis, Sobel Testarossa
29%
#78 59 777 061 Myslovitz Długość dźwięku samotności
28%
#31 72 699 684 White 2115 Moge dziś umierać
28%
#53 67 234 852 Tymek Poza kontrolą
28%
#77 60 051 329 OIO Przypadkiem
28%
#21 78 881 755 White 2115 Riri
28%
#50 68 153 886 Bedoes, White 2115, Kosa Wschód
28%
#76 60 218 916 Bedoes 1998
27%
#67 63 994 578 Reto, Avi Bmw
27%
#45 68 738 730 Bedoes Jesteś ładniejsza niż na zdjęciach
27%
#72 61 645 952 Chivas, White 2115 Mam na twarzy krew i tym razem nie jest sztuczna
27%
#88 57 854 157 Męskie granie Supermoce
27%
#89 57 061 204 Smolasty, 730Huncho Pijemy za lepszy czas
26%
#58 66 190 626 Malik Montana, DaChoyce Jetlag
25%
#57 66 309 287 Taco Hemingway Następna stacja
25%
#98 56 207 044 Chivas Anyżowe żelki
24%
#18 81 570 964 Sanah, Dawid Podsiadło Ostatnia Nadzieja
24%
#39 70 644 456 Białas Grill u gawrona
23%
#52 67 498 355 Bedoes Vogue
23%
#87 58 131 914 White 2115 Morgan
22%
#83 59 033 317 Żabson, Kizo, Zetha Puerto bounce
22%
#60 65 899 869 Gibbs Stan
22%
#6 98 082 381 Męskie Granie I ciebie też bardzo
21%
#94 56 626 488 Mata Prawy do lewego
21%
#99 55 722 457 Szpaku Hinata
20%
#44 68 929 582 Męskie Granie Początek
20%
#85 58 698 752 Bedoes 05:05
19%
#91 56 896 869 Sanah, Kwiat jabłoni Szary świat
19%
#42 69 641 561 Dawid Podsiadło Mori
18%
#81 59 566 421 Mata Jestem Pojebany
17%
#62 65 863 728 Pezet Magenta
15%
#37 71 136 456 Sanah Nic dwa razy
15%
#92 56 673 343 Sanah Etc
14%
#86 58 535 258 Mata Żółte flamastry i grube katechetki
13%
#100 55 703 556 Mata Lloret de mar
12%
#97 56 374 046 Bevis Surfer
12%
#80 59 678 622 Pro8l3m Interpol
8%
#96 56 519 320 Sanah Ten stan
7%
#75 60 219 924 Favst, Gibbs ztb
7%
Nie znaleziono quizów pasujących do podanych kryteriów
Rozkład punktacji
Procent ludzi z każdym wynikiem
Percentyl według liczby udzielonych odpowiedzi
Twoja historia wyników
Nie rozwiązałeś tego quizu